Business research for decision making / (Record no. 3328)
[ view plain ]
| 000 -LEADER | |
|---|---|
| fixed length control field | nam a22 7a 4500 |
| 005 - DATE AND TIME OF LATEST TRANSACTION | |
| control field | 20170522115105.0 |
| 008 - FIXED-LENGTH DATA ELEMENTS--GENERAL INFORMATION | |
| fixed length control field | 170522b2005 cau||||| |||| 00| 0 eng d |
| 020 ## - INTERNATIONAL STANDARD BOOK NUMBER | |
| International Standard Book Number | 0534404820 |
| 040 ## - CATALOGING SOURCE | |
| Original cataloging agency | AKMAL |
| 082 ## - DEWEY DECIMAL CLASSIFICATION NUMBER | |
| Classification number | 658.403 DAV |
| 090 ## - LOCALLY ASSIGNED LC-TYPE CALL NUMBER (OCLC); LOCAL CALL NUMBER (RLIN) | |
| Classification number (OCLC) (R) ; Classification number, CALL (RLIN) (NR) | 658.403 |
| Local cutter number (OCLC) ; Book number/undivided call number, CALL (RLIN) | DAV |
| 100 1# - MAIN ENTRY--PERSONAL NAME | |
| Personal name | Davis, Duane, |
| Dates associated with a name | 1950- |
| 9 (RLIN) | 6737 |
| 245 10 - TITLE STATEMENT | |
| Title | Business research for decision making / |
| Statement of responsibility, etc. | Duane Davis |
| 250 ## - EDITION STATEMENT | |
| Edition statement | 6th ed |
| 260 ## - PUBLICATION, DISTRIBUTION, ETC. | |
| Place of publication, distribution, etc. | Belmont, CA : |
| Name of publisher, distributor, etc. | Thomson/Brooks/Cole, |
| Date of publication, distribution, etc. | c2005 |
| 300 ## - PHYSICAL DESCRIPTION | |
| Extent | xxiv, 584 p. : |
| Other physical details | col. ill. ; |
| Dimensions | 24 cm. + |
| Accompanying material | 1 CD-ROM (43/4 in.). |
| 500 ## - GENERAL NOTE | |
| General note | "The CD-ROM contains data set from cases and examples in the book"--CD-ROM. |
| 504 ## - BIBLIOGRAPHY, ETC. NOTE | |
| Bibliography, etc. note | Includes bibliographical references and index |
| 538 ## - SYSTEM DETAILS NOTE | |
| System details note | System requirements for accompanying CD-ROM: Microsoft Windows. |
| 650 #0 - SUBJECT ADDED ENTRY--TOPICAL TERM | |
| Topical term or geographic name entry element | Industrial management |
| General subdivision | Research. |
| 9 (RLIN) | 6738 |
| 650 #0 - SUBJECT ADDED ENTRY--TOPICAL TERM | |
| Topical term or geographic name entry element | Decision making. |
| 9 (RLIN) | 6395 |
| 942 ## - ADDED ENTRY ELEMENTS (KOHA) | |
| Source of classification or shelving scheme | |
| Koha item type | Book |
| Withdrawn status | Lost status | Source of classification or shelving scheme | Damaged status | Not for loan | Collection code | Home library | Current library | Shelving location | Date acquired | Inventory number | Total Checkouts | Full call number | Barcode | Date last seen | Price effective from | Koha item type |
|---|---|---|---|---|---|---|---|---|---|---|---|---|---|---|---|---|
| NON-FICTION | AKMAL Melaka | AKMAL Melaka | PINJAMAN | 22.05.2017 | 602377 | 658.403 DAV | 201704183 | 22.05.2017 | 22.05.2017 | Book | ||||||
| NON-FICTION | AKMAL Melaka | AKMAL Melaka | PINJAMAN | 22.05.2017 | 602376 | 658.403 DAV | 201704169 | 22.05.2017 | 22.05.2017 | Book |
